| 000 | 00683nam a22002057a 4500 | ||
|---|---|---|---|
| 003 | 1 | ||
| 005 | 20220324160737.0 | ||
| 008 | 220324b xxu||||| |||| 00| 0 eng d | ||
| 020 | _a978-1-138-56956-0 | ||
| 050 |
_aLB1607.5 _b.B53 2018 |
||
| 100 |
_aBlackburn, Barbara R. _d-1961- |
||
| 245 |
_aRigor is NOT a four-letter word/ _cBarbara R. Blackburn |
||
| 250 | _a3rd ed. | ||
| 260 |
_aNew York: _bRoutledge. _cc2018 |
||
| 300 |
_a164 pp. _c25 cm. _eIncludes bibliographical references. |
||
| 500 | _aEducation, Secondary- Aims and objectives-United States | ||
| 500 | _aMotivation in education- United States | ||
| 500 | _aHigh schools- Curricula-United Staes | ||
| 942 |
_2lcc _cBK |
||
| 999 |
_c364710 _d364710 |
||